Novinky v meřící technice : sborník oborového dne konaného dne 15. záři 1961 na III. medzinár. vzorkovém veletrhu v Brne.

Saved in:
Bibliographic Details
Format: Book
Language:Czech
Published: Praha : ČsVTS, 1961.
Edition:1. vyd.
ISBN: (brož.)
Physical Description: 128 s.
Tags: Add Tag
No Tags, Be the first to tag this record!

MARC

LEADER 00000nam a2200000 a 4500
001 000135607
005 20090830175832.0
008 040101s1961 xr e cze d
020 |a (brož.) 
040 |a SVKKK  |b slo  |c SVKKK  |e AACR2 
041 0 |a cze 
044 |a xr  |c CZ 
245 0 0 |a Novinky v meřící technice :  |b sborník oborového dne konaného dne 15. záři 1961 na III. medzinár. vzorkovém veletrhu v Brne. 
250 |a 1. vyd. 
260 |a Praha :  |b ČsVTS,  |c 1961. 
300 |a 128 s. 
910 |a svkkk 
998 |a BK 
090 |g SCKHL  |k Sklad Pribinova 2. posch.  |a II0.3935  |j 012675  |i 135607-10  |s Absenčne